लोड हो रहा है...

Chemistry and Uses of Insecticides

ग्रंथसूची विवरण
मुख्य लेखक: E R De Ong
स्वरूप: Printed Book
भाषा:Undetermined
प्रकाशित: New York 1948
Reinhold Publishing Corporation
विषय:
LEADER 00640nam a2200217Ia 4500
008 141122s9999 xx 000 0 und d
040 |c . 
041 |a English 
082 |a 632.951 
082 |b DEO/CH 
100 |a E R De Ong 
245 |a Chemistry and Uses of Insecticides 
245 |c E R De Ong 
260 |b New York 
260 |b Reinhold Publishing Corporation 
260 |c 1948 
300 |a 345 Pages 
650 |a Pharmacology and Toxicology 
942 |c BK 
999 |c 10432  |d 10432 
952 |0 0  |1 0  |4 0  |6 632_951000000000000_DEOCH  |7 0  |9 10358  |a COVAS  |b COVAS  |d 0000-00-00  |l 1  |o 632.951 DEO/CH  |p 456  |r 2018-05-24  |s 2018-05-24  |w 2014-11-26  |y BK